Флаг в тумане: Романы : [Пер. с яп.]; Точки и линии; Стена глаз; Флаг в тумане
| Yazar: | |
|---|---|
| Diğer Yazarlar: | |
| Dil: | Rusça |
| Baskı/Yayın Bilgisi: |
Минск, Вышэйшая школа, 1991
|
| TOC: | Точки и линии; Стена глаз; Флаг в тумане; |
| Seri Bilgileri: | Японский детектив |
| Konular: | |
| Materyal Türü: | MixedMaterials Kitap |
| KOHA link: | https://koha.lib.tpu.ru/cgi-bin/koha/opac-detail.pl?biblionumber=111687 |
MARC
| LEADER | 00000nam0a2200000 4500 | ||
|---|---|---|---|
| 001 | 111687 | ||
| 005 | 20231031120952.0 | ||
| 010 | |a 5339006646 | ||
| 020 | |a RU |b 92-2043 | ||
| 035 | |a (RuTPU)RU\TPU\book\120628 | ||
| 090 | |a 111687 | ||
| 100 | |a 20070319d1991 m y0rusy5003 ca | ||
| 101 | 1 | |a rus |c jap | |
| 102 | |a RU | ||
| 105 | |a a z 000ay | ||
| 200 | 1 | |a Флаг в тумане |e Романы : [Пер. с яп.] |f Мацумото Сэйте |g худож. И. А. Демковский | |
| 210 | |a Минск |d 1991 |c Вышэйшая школа | ||
| 215 | |a 511 с. |c ил. |d 21 см | ||
| 225 | 1 | |a Японский детектив | |
| 464 | |t Точки и линии | ||
| 464 | |t Стена глаз | ||
| 464 | |t Флаг в тумане | ||
| 610 | 1 | |a японская литература | |
| 610 | 1 | |a детективы | |
| 675 | |a 895.6 |z rus | ||
| 700 | 1 | |a Мацумото Сэйте |4 070 | |
| 702 | 1 | |a Демковский |b И. А. |4 440 | |
| 801 | 0 | |a RU |b RuMRKP |c 19950417 |g psbo | |
| 801 | 1 | |a RU |b 63413507 |c 20070319 |g PSBO | |
| 801 | 2 | |a RU |b 63413507 |c 20070321 |g PSBO | |
| 942 | |c BK | ||